| 000 | 00619cam a22002053a 4500 | ||
|---|---|---|---|
| 001 | 39180 | ||
| 003 | PGUSA | ||
| 005 | 20140828083853.0 | ||
| 008 | 120317s2012||||xxu|||||s|||||000 | eng d | ||
| 040 |
_aPGUSA _beng |
||
| 042 | _adc | ||
| 100 | 1 | _aLindley, Augustus F. | |
| 245 | 1 | 0 |
_aTi-Ping Tien-Kwoh : _bThe History of the Ti-Ping Revolution (Volume I) _h[electronic resource] / _cAugustus F. Lindley |
| 260 |
_bProject Gutenberg, _c2012 |
||
| 506 | _aPublic domain in the USA. | ||
| 516 | _aElectronic text | ||
| 830 | 0 |
_aProject Gutenberg _v39180 |
|
| 856 | 4 | 0 | _uhttp://www.gutenberg.org/ebooks/39180 |
| 942 | _cEB | ||
| 999 |
_c268433 _d268433 |
||